Statystyki dla Wszystkie złote karty Polaków z fify 21

Kliknij tutaj aby rozwiązać quiz!

Ogólne statystyki

  • Ten quiz został rozwiązany 70 razy
  • Średni wynik to 12 z 17

Statystyki odpowiedzi

HintOdpowiedź% Poprawnych
91Lewandowski
100%
87Szczęsny
100%
80Zieliński
94%
81Fabiański
91%
81Milik
91%
75Glik
86%
80Krychowiak
86%
78Piątek
83%
77Bednarek
80%
75Błaszczykowski
62%
80Piszczek
62%
76Skorupski
58%
75Drągowski
51%
76Kędziora
40%
77Gikiewicz
35%
75Mierzejewski
28%
75Kieszek
9%

Rozkład punktacji

Percentyl według liczby udzielonych odpowiedzi

Procent ludzi z każdym wynikiem

Twoja historia wyników

Nie rozwiązałeś tego quizu